000 00630nam a2200193 4500
001 144824
003 ES-MaACL
005 20230906201116.0
007 t|
008 070214s1961 sp r ||||1| spa d
100 1 _aSletsjoee, Leif.
_9106781
245 1 0 _aSancho Panza, hombre de bien /
_cpor Leif Sletsjöe.
260 _aMadrid :
_bInsula,
_c1961 (
_fS. Aguirre Torre)
300 _a136 p. ;
_c25 cm.
500 _aPrecede al tít.: Instituto Ibero-Americano, Gotemburgo (Suecia)
710 2 _aInstituto Ibero-Americano (Göteborg)
_95089
852 _aES-MaACL
_jC-19926
_bR.47161
852 _aES-MaACL
_jC-20576
_bR.48836
999 _c144824
_d144824